|
|
|
|
| LEADER |
01830nam a2200433 i 4500 |
| 001 |
EBC5787225 |
| 003 |
MiAaPQ |
| 005 |
20200520144314.0 |
| 006 |
m o d | |
| 007 |
cr cnu|||||||| |
| 008 |
190625s2019 gw o 000 0 ger d |
| 020 |
|
|
|z 9783110565584
|
| 020 |
|
|
|a 9783110568318 (e-book)
|
| 035 |
|
|
|a (MiAaPQ)EBC5787225
|
| 035 |
|
|
|a (Au-PeEL)EBL5787225
|
| 035 |
|
|
|a (OCoLC)1104713195
|
| 040 |
|
|
|a MiAaPQ
|b eng
|e rda
|e pn
|c MiAaPQ
|d MiAaPQ
|
| 043 |
|
|
|a e-gx---
|
| 050 |
|
4 |
|a DD68
|b .M547 2019
|
| 082 |
0 |
|
|a 304.80943
|2 23
|
| 245 |
0 |
0 |
|a Migration und integration in Deutschland nach 1945 /
|c herausgegeben von Raphaela Etzold, Martin Lohnig und Thomas Schlemmer.
|
| 264 |
|
1 |
|a Berlin ;
|a Boston :
|b De Gruyter Oldenbourg,
|c [2019]
|
| 264 |
|
4 |
|c 2019
|
| 300 |
|
|
|a 1 online resource (140 pages).
|
| 336 |
|
|
|a text
|b txt
|2 rdacontent
|
| 337 |
|
|
|a computer
|b c
|2 rdamedia
|
| 338 |
|
|
|a online resource
|b cr
|2 rdacarrier
|
| 490 |
1 |
|
|a Zeitgeschichte im Gespraech ;
|v 28
|
| 588 |
|
|
|a Description based on print version record.
|
| 590 |
|
|
|a Electronic reproduction. Ann Arbor, MI : ProQuest, 2018. Available via World Wide Web. Access may be limited to ProQuest affiliated libraries.
|
| 651 |
|
0 |
|a Germany
|x Emigration and immigration
|x History
|y 20th century.
|
| 655 |
|
4 |
|a Electronic books.
|
| 700 |
1 |
|
|a Etzold, Raphaela,
|e editor.
|
| 700 |
1 |
|
|a Lohnig, Martin,
|e editor.
|
| 700 |
1 |
|
|a Schlemmer, Thomas,
|e editor.
|
| 776 |
0 |
8 |
|i Print version:
|t Migration und integration in Deutschland nach 1945.
|d Berlin ; Boston : De Gruyter Oldenbourg, c2019
|h 140 pages
|k Zeitgeschichte im Gesprach ; 28.
|z 9783110565584
|w (DLC) 2019931676
|
| 797 |
2 |
|
|a ProQuest (Firm)
|
| 830 |
|
0 |
|a Zeitgeschichte im Gesprach ;
|v 28.
|
| 856 |
4 |
0 |
|u https://ebookcentral.proquest.com/lib/matrademy/detail.action?docID=5787225
|z Click to View
|